00609cam a22002291 4500001001300000003000400013005001700017008004100034010001700075035002000092040001800112042001200130050001800142100005200160245003100212260001100243300001900254500001400273500005700287650001800344999001700362sa 64006771 DLC20260227112041.0890911s1962 ii 000 0btamo  asa 64006771  a(OCoLC)20326137 aDLCcWaUdDLC apremarc00aPL4758.6b.A41 aAl̲akiricāmi, Ku.q(Kurucāmi),d1923-1970.10aTamil̲ tanta kaviyamutam. c[1962] a352 p.c19 cm. aIn Tamil. aIncludes brief biographical sketches of the authors. 0aTamil poetry. c59861d59861